| 000 | 00549nam a2200181 4500 | ||
|---|---|---|---|
| 001 | 108254 | ||
| 003 | ES-MaACL | ||
| 007 | t| | ||
| 008 | 061121s1934 sp r ||||1| spa d | ||
| 100 | 1 |
_aMontejo, S. _982441 |
|
| 245 | 1 | 3 |
_aEl estreñimiento / _cpor S. Montejo. |
| 260 |
_aMadrid : _b[s.n.], _c1934 ( _fTalleres Gráficos Marsiega) |
||
| 300 |
_a99 p. ; _c17 cm. |
||
| 490 | 1 | _aBiblioteca de vulgarización médica | |
| 830 | 0 |
_aBiblioteca de vulgarización médica _9182304 |
|
| 852 |
_aES-MaACL _jB-9750 _bR.18542 |
||
| 999 |
_c108254 _d108254 |
||